[Event "FIDE World Youth U16 Chess Olympiad SLOVAKIA 2016"]
[Site "Poprad Tatry SLOVAKIA"]
[Date "2016.07.23"]
[Round "3"]
[Board "4"]
[White "Muradli, Mahammad"]
[Black "Krasnokutskaya, Sofiya"]
[Result "1-0"]
[WhiteElo "2325"]
[BlackElo "2138"]
[PlyCount "145"]
[EventDate "2016.07.22"]
[EventType "team"]
[EventRounds "9"]
[EventCountry "SVK"]
[WhiteTeam "Azerbaijan"]
[BlackTeam "Ukraine"]

1. d4 Nf6 2. Nf3 e6 3. c4 b6 4. g3 Ba6 5. b3 Bb7 6. Bg2 Bb4+ 7. Bd2 a5 8. O-O
O-O 9. Qc2 d6 10. Nc3 Nbd7 11. Rfe1 Bxc3 12. Bxc3 Be4 13. Qb2 Qe7 14. Bf1 Rfd8
15. Nd2 Bb7 16. e4 e5 17. d5 Nc5 18. Qc2 c6 19. dxc6 Bxc6 20. a4 Qb7 21. Bg2
Ne8 22. f3 Nc7 23. Rad1 N7e6 24. h4 f6 25. Nf1 Qf7 26. Ne3 Nc7 27. Rd2 g6 28.
f4 N5e6 29. Rf1 Qe7 30. f5 Ng7 31. Rdf2 Rf8 32. Qd1 gxf5 33. exf5 Bxg2 34. Rxg2
Rad8 35. Rd2 Kh8 36. Qf3 Nge8 37. Rfd1 Rg8 38. Kh2 Qg7 39. Qf2 Na6 40. Qg2 Nc5
41. Rb2 Nc7 42. Be1 Ne8 43. Qf3 Rb8 44. Nd5 Qd7 45. Bf2 Qf7 46. Kh3 Qg7 47.
Bxc5 bxc5 48. Nc3 Qe7 49. Nb5 Rb6 50. Rbd2 Ra6 51. Qe4 Qg7 52. Rd3 Qd7 53. g4
Qe7 54. Rg3 Qf7 55. Qd5 Qe7 56. Rdg1 Qd7 57. Qe4 Ng7 58. Nc3 Raa8 59. Nd5 Raf8
60. Rf1 h6 61. Kh2 Ne8 62. Qe3 Kh7 63. Qe4 Kh8 64. Qe3 Kh7 65. Nc3 Ng7 66. Qd3
Kh8 67. Ne4 Ne8 68. Nxc5 Qc6 69. Ne6 Rf7 70. Nd8 Qc7 71. Nxf7+ Qxf7 72. Qd5 Qa7
73. g5 1-0

[Event "FIDE World Youth U16 Chess Olympiad SLOVAKIA 2016"]
[Site "Poprad Tatry SLOVAKIA"]
[Date "2016.07.23"]
[Round "3"]
[Board "1"]
[White "Livaic, Leon"]
[Black "Djordjevic, Vuk"]
[Result "1/2-1/2"]
[WhiteElo "2447"]
[BlackElo "2415"]
[PlyCount "174"]
[EventDate "2016.07.22"]
[EventType "team"]
[EventRounds "9"]
[EventCountry "SVK"]
[WhiteTeam "Croatia"]
[BlackTeam "Serbia"]

1. d4 Nf6 2. c4 e6 3. Nf3 b6 4. a3 Bb7 5. Nc3 d5 6. cxd5 exd5 7. Qa4+ c6 8. Bg5
Be7 9. e3 O-O 10. Bd3 Nbd7 11. O-O Ne4 12. Bxe4 Bxg5 13. Nxg5 Qxg5 14. Bf3 Rfd8
15. b4 Qe7 16. b5 Qd6 17. bxc6 Bxc6 18. Qb3 Nf6 19. Rfc1 Rdc8 20. Rc2 Rc7 21.
h3 Rac8 22. Be2 Qd7 23. Rac1 Bb7 24. Nb5 Rxc2 25. Rxc2 Rxc2 26. Qxc2 a6 27. Nc3
Qc6 28. Bd3 g6 29. Qb3 Qd6 30. Qa4 Qc7 31. Qb4 Nd7 32. Be2 Nf6 33. Bf3 Bc6 34.
Qb3 Qb7 35. Ne2 a5 36. Nf4 Kg7 37. Nd3 Qc7 38. Qc3 Qd6 39. Ne5 Bb7 40. g3 Ne8
41. Kg2 Nc7 42. Qb3 Ba6 43. Nd3 Bxd3 44. Qxd3 b5 45. Bd1 Qc6 46. Kf1 b4 47.
axb4 axb4 48. Qc2 Qb5+ 49. Ke1 Qa5 50. Qc5 Qxc5 51. dxc5 Kf6 52. Kd2 Ne6 53. c6
Ke7 54. Kc2 Kd6 55. Kb3 Kc5 56. Bg4 f5 57. Be2 Kxc6 58. Kxb4 Ng5 59. Kc3 Ne4+
60. Kd4 Nxf2 61. Ke5 Nxh3 62. Bf3 Kd7 63. Bxd5 Ke7 64. e4 fxe4 65. Bxe4 Ng5 66.
Bc2 Nf7+ 67. Kf4 Kf6 68. Bb1 Ng5 69. Ba2 h6 70. Bb1 Ne6+ 71. Kf3 Kg5 72. Bd3
Nd4+ 73. Kg2 Nc6 74. Bb1 Ne5 75. Be4 Kf6 76. Bd5 Ke7 77. Be4 Kd6 78. Bb1 g5 79.
Be4 Kc5 80. Bb7 Kd4 81. Bc8 Ke3 82. Ba6 g4 83. Bc8 Ke2 84. Be6 Ke3 85. Bf5 Kd4
86. Kf2 Nd3+ 87. Kg2 Ne5 1/2-1/2

[Event "FIDE World Youth U16 Chess Olympiad SLOVAKIA 2016"]
[Site "Poprad Tatry SLOVAKIA"]
[Date "2016.07.23"]
[Round "3"]
[Board "2"]
[White "Injac, Teodora"]
[Black "Muha, Miljenko"]
[Result "1-0"]
[WhiteElo "2215"]
[BlackElo "2257"]
[PlyCount "159"]
[EventDate "2016.07.22"]
[EventType "team"]
[EventRounds "9"]
[EventCountry "SVK"]
[WhiteTeam "Serbia"]
[BlackTeam "Croatia"]

1. Nf3 Nf6 2. c4 g6 3. Nc3 d5 4. cxd5 Nxd5 5. Qb3 Nb6 6. d4 Bg7 7. e4 O-O 8.
Be3 Bg4 9. a4 a5 10. d5 Na6 11. Be2 Nb4 12. O-O e6 13. h3 Bxf3 14. Bxf3 exd5
15. exd5 Re8 16. Rfd1 Nc8 17. Nb5 Nd6 18. Rac1 Nxb5 19. axb5 Be5 20. d6 Bxd6
21. b6 cxb6 22. Bf4 Bxf4 23. Rxd8 Raxd8 24. Rf1 Bd6 25. g3 Bc5 26. Rd1 Rxd1+
27. Qxd1 Re7 28. Kg2 Kg7 29. h4 h5 30. Qd2 f6 31. Qd8 Nc6 32. Qc8 Ne5 33. Bxb7
Nf7 34. Bf3 Nd6 35. Qd8 Ne4 36. Qa8 f5 37. Bd1 Nxf2 38. Bb3 Ng4 39. Qg8+ Kh6
40. Qf8+ Rg7 41. Qh8+ Rh7 42. Qd8 Ne5 43. Qf6 Nd7 44. Qc3 Rg7 45. Be6 Kh7 46.
Qd3 Nf6 47. Qd8 Re7 48. Bc4 Ne8 49. Qd5 Rg7 50. Qe6 Nd6 51. Bd5 Nf7 52. Qe8 Nh6
53. Bf3 Re7 54. Qc6 Ng4 55. Bxg4 fxg4 56. Kf1 Rf7+ 57. Ke2 Re7+ 58. Kd3 Kg7 59.
Kc4 Kf7 60. Qd5+ Kf6 61. Qg5+ Kf7 62. Qd5+ Re6 63. Kb5 Ke7 64. Qg5+ Kd6 65.
Qd8+ Ke5 66. Qg5+ Ke4 67. Kc4 Kf3 68. Qd5+ Kxg3 69. Qxe6 Kxh4 70. Qxg6 g3 71.
Kd3 Kh3 72. Qxh5+ Kg2 73. Ke2 Bf2 74. b3 Bc5 75. Qd5+ Kg1 76. Qg5 Kg2 77. Qd5+
Kg1 78. Kf3 Bf2 79. Qd1+ Kh2 80. Qf1 1-0

[Event "FIDE World Youth U16 Chess Olympiad SLOVAKIA 2016"]
[Site "Poprad Tatry SLOVAKIA"]
[Date "2016.07.23"]
[Round "3"]
[Board "3"]
[White "Cvitan, Ena"]
[Black "Gajcin, Marina"]
[Result "1/2-1/2"]
[WhiteElo "2030"]
[BlackElo "2152"]
[PlyCount "60"]
[EventDate "2016.07.22"]
[EventType "team"]
[EventRounds "9"]
[EventCountry "SVK"]
[WhiteTeam "Croatia"]
[BlackTeam "Serbia"]

1. d4 Nf6 2. c4 g6 3. Nc3 d5 4. e3 Bg7 5. Nf3 O-O 6. Be2 c5 7. O-O cxd4 8. exd4
Nc6 9. h3 Bf5 10. Be3 Rc8 11. c5 Ne4 12. Rc1 Nxc3 13. bxc3 Na5 14. Qa4 Qc7 15.
Nd2 e5 16. dxe5 Bxe5 17. Nf3 Bg7 18. Nd4 Bd7 19. Nb5 Qd8 20. Qa3 Bxb5 21. Bxb5
a6 22. Be2 Qc7 23. Bd4 Nc6 24. Rfd1 Rcd8 25. Qb3 Nxd4 26. cxd4 Qf4 27. Qf3 Qc7
28. Qb3 Qf4 29. Qf3 Qc7 30. Qb3 Qf4 1/2-1/2

[Event "FIDE World Youth U16 Chess Olympiad SLOVAKIA 2016"]
[Site "Poprad Tatry SLOVAKIA"]
[Date "2016.07.23"]
[Round "3"]
[Board "4"]
[White "Omorjan, Dejan"]
[Black "Radenic, Filip"]
[Result "1-0"]
[WhiteElo "2201"]
[BlackElo "2083"]
[PlyCount "87"]
[EventDate "2016.07.22"]
[EventType "team"]
[EventRounds "9"]
[EventCountry "SVK"]
[WhiteTeam "Serbia"]
[BlackTeam "Croatia"]

1. d4 Nf6 2. c4 g6 3. Nc3 d5 4. Nf3 Bg7 5. Bg5 Ne4 6. Bf4 Nxc3 7. bxc3 dxc4 8.
e3 O-O 9. Bxc4 c5 10. O-O Nc6 11. Qe2 Bg4 12. Rfd1 cxd4 13. cxd4 Rc8 14. Rac1
Na5 15. Bd3 Qd7 16. Bb5 Qf5 17. Bc7 Nc6 18. Rc5 Qf6 19. Bg3 a6 20. Ba4 b5 21.
Bb3 Na5 22. Rdc1 Rxc5 23. Rxc5 Rc8 24. Bh4 Qd6 25. Bxf7+ Kxf7 26. Ng5+ Ke8 27.
Qxg4 Rxc5 28. dxc5 Qxc5 29. h3 Be5 30. Bg3 h5 31. Qe6 Qc1+ 32. Kh2 Bxg3+ 33.
fxg3 Qc6 34. Qf7+ Kd7 35. Nh7 Qc4 36. Qxg6 Qxa2 37. Qxa6 b4 38. Qa7+ Kc6 39.
Qa6+ Kc5 40. Ng5 b3 41. Ne4+ Kb4 42. Qb6+ Kc4 43. Qd4+ Kb5 44. Nc3+ 1-0

[Event "FIDE World Youth U16 Chess Olympiad SLOVAKIA 2016"]
[Site "Poprad Tatry SLOVAKIA"]
[Date "2016.07.23"]
[Round "3"]
[Board "1"]
[White "Mirza, Diana"]
[Black "Bratkovic, Jakob"]
[Result "1-0"]
[WhiteElo "1889"]
[BlackElo "2186"]
[PlyCount "167"]
[EventDate "2016.07.22"]
[EventType "team"]
[EventRounds "9"]
[EventCountry "SVK"]
[WhiteTeam "Ireland"]
[BlackTeam "Slovenia"]

1. e4 c5 2. Nf3 Nc6 3. Bb5 d6 4. O-O Bd7 5. Re1 Nf6 6. c3 a6 7. Bf1 Bg4 8. h3
Bxf3 9. Qxf3 g6 10. Na3 Bg7 11. Nc2 Nd7 12. d3 O-O 13. Be3 Qb6 14. Rab1 Qa5 15.
a3 b5 16. d4 Qc7 17. dxc5 Nxc5 18. Bf4 Ne6 19. Bh2 Rab8 20. Nb4 Qc8 21. Nd5 Qd7
22. Qe3 a5 23. b4 axb4 24. axb4 Qb7 25. f4 Rfd8 26. Ra1 Nf8 27. f5 Nd7 28.
Nxe7+ Nxe7 29. Bxd6 Nc6 30. Bxb8 Rxb8 31. g4 Nde5 32. Be2 Nc4 33. Bxc4 bxc4 34.
Ra4 h6 35. Rd1 Re8 36. fxg6 fxg6 37. Rd6 Ne5 38. Ra7 Qc8 39. Kg2 Rf8 40. Qd4
Qe8 41. Qd5+ Nf7 42. Rxg6 Kh8 43. Re6 Qb8 44. Ree7 Ng5 45. e5 Rd8 46. Red7 Rxd7
47. Qxd7 Qxe5 48. Qc8+ Kh7 49. Qf5+ Qxf5 50. gxf5 Kg8 51. Rc7 Ne4 52. Rxc4 Nxc3
53. Kf3 Be5 54. Rc6 Kg7 55. Rg6+ Kh7 56. Re6 Bg7 57. f6 Bf8 58. Rb6 Nd5 59.
Rb7+ Kg6 60. b5 Kxf6 61. Ke4 Ke6 62. Rb8 Be7 63. b6 Nf6+ 64. Kd4 Nd7 65. Rc8
Nxb6 66. Rc6+ Kf5 67. Rxb6 Bg5 68. Rb3 Bd2 69. Rg3 Kf4 70. Rg4+ Kf3 71. Ke5 h5
72. Rh4 Kg3 73. Rxh5 Ba5 74. Kf5 Bd8 75. Rh8 Bh4 76. Ke4 Bf6 77. Rh7 Bd8 78.
Ke3 Bg5+ 79. Ke2 Bh4 80. Ke3 Bg5+ 81. Ke4 Bd8 82. Rd7 Bh4 83. Rd3+ Kg2 84. Kf4
 1-0

[Event "FIDE World Youth U16 Chess Olympiad SLOVAKIA 2016"]
[Site "Poprad Tatry SLOVAKIA"]
[Date "2016.07.23"]
[Round "3"]
[Board "2"]
[White "Dobrovoljc, Vid"]
[Black "Melaugh, Shane"]
[Result "1-0"]
[WhiteElo "2246"]
[BlackElo "1677"]
[PlyCount "75"]
[EventDate "2016.07.22"]
[EventType "team"]
[EventRounds "9"]
[EventCountry "SVK"]
[WhiteTeam "Slovenia"]
[BlackTeam "Ireland"]

1. e4 d6 2. d4 Nf6 3. Nc3 Nbd7 4. g3 e5 5. Nge2 c6 6. Bg2 Be7 7. O-O Qc7 8. h3
h6 9. a4 a5 10. Be3 Nb6 11. b3 Nbd7 12. Qd2 g5 13. Nd1 Nf8 14. Nb2 Be6 15. d5
Bd7 16. Nc4 Ra6 17. Nc3 Ng6 18. Rad1 c5 19. Nb5 Qd8 20. Qe1 Bc8 21. Bd2 b6 22.
f4 exf4 23. e5 dxe5 24. d6 O-O 25. gxf4 gxf4 26. dxe7 Qxe7 27. Nxe5 Qxe5 28.
Qxe5 Nxe5 29. Bxf4 Nfd7 30. Bxh6 Rd8 31. Bg5 Rf8 32. Be7 Re8 33. Bd6 Kh8 34.
Rf5 Ng6 35. Nc7 Nb8 36. Rh5+ Kg8 37. Nxe8 Bd7 38. Bxb8 1-0

[Event "FIDE World Youth U16 Chess Olympiad SLOVAKIA 2016"]
[Site "Poprad Tatry SLOVAKIA"]
[Date "2016.07.23"]
[Round "3"]
[Board "3"]
[White "Copeland, Dean"]
[Black "Amon, Nejc"]
[Result "0-1"]
[WhiteElo "1763"]
[BlackElo "2104"]
[PlyCount "100"]
[EventDate "2016.07.22"]
[EventType "team"]
[EventRounds "9"]
[EventCountry "SVK"]
[WhiteTeam "Ireland"]
[BlackTeam "Slovenia"]

1. e4 c5 2. d4 cxd4 3. c3 dxc3 4. Nxc3 e6 5. Nf3 Bb4 6. Bc4 Ne7 7. O-O O-O 8.
Bf4 Bxc3 9. bxc3 d5 10. exd5 Nxd5 11. Bxd5 Qxd5 12. Qxd5 exd5 13. Rad1 Be6 14.
Nd4 a6 15. Rfe1 Nd7 16. Nxe6 fxe6 17. Bd6 Rfe8 18. Rd3 Nb6 19. Bc7 Nc4 20. Be5
Nxe5 21. Rxe5 Rac8 22. Rde3 Kf7 23. f4 g6 24. Kf2 Rc6 25. g4 Rec8 26. f5 Rxc3
27. Rxe6 d4 28. Rf3 gxf5 29. gxf5 Rc2+ 30. Re2 Rxe2+ 31. Kxe2 Rc2+ 32. Kd3 Rc3+
33. Ke4 Rxf3 34. Kxf3 Kf6 35. Ke4 d3 36. Kxd3 Kxf5 37. Kd4 Kg4 38. Kc5 Kh3 39.
Kb6 Kxh2 40. a4 h5 41. a5 h4 42. Kxb7 h3 43. Kxa6 Kg3 44. Kb7 h2 45. a6 h1=Q+
46. Kb8 Qh8+ 47. Kb7 Qg7+ 48. Kb8 Qf8+ 49. Kb7 Qe7+ 50. Kb8 Qe8+ 0-1

[Event "FIDE World Youth U16 Chess Olympiad SLOVAKIA 2016"]
[Site "Poprad Tatry SLOVAKIA"]
[Date "2016.07.23"]
[Round "3"]
[Board "1"]
[White "Macovei, Andrei"]
[Black "Keinanen, Toivo"]
[Result "1/2-1/2"]
[WhiteElo "2396"]
[BlackElo "2274"]
[PlyCount "114"]
[EventDate "2016.07.22"]
[EventType "team"]
[EventRounds "9"]
[EventCountry "SVK"]
[WhiteTeam "Moldova"]
[BlackTeam "Finland"]

1. e4 e6 2. d4 d5 3. Nc3 Nf6 4. e5 Nfd7 5. f4 c5 6. Nf3 Nc6 7. Be3 cxd4 8. Nxd4
Bc5 9. Qd2 O-O 10. O-O-O a6 11. h4 Nxd4 12. Bxd4 b5 13. h5 b4 14. Na4 Bxd4 15.
Qxd4 Qa5 16. b3 Bb7 17. Kb1 Bc6 18. Nb2 Bb5 19. Bd3 Rac8 20. Rhe1 Nc5 21. f5
Bxd3 22. cxd3 Qb6 23. g4 Na4 24. Qxb6 Nxb6 25. d4 Rc3 26. Nd3 a5 27. Nc5 exf5
28. gxf5 Rf3 29. Rf1 Rh3 30. Rh1 Rf3 31. Rdf1 Re3 32. f6 a4 33. fxg7 Ra8 34.
Rf6 axb3 35. Rxb6 bxa2+ 36. Ka1 Kxg7 37. h6+ Kh8 38. Rxb4 f6 39. exf6 Rf3 40.
Nd7 Re8 41. Kxa2 Ra8+ 42. Kb1 Rfa3 43. Rc1 Kg8 44. Ne5 Kh8 45. Rb7 Ra1+ 46. Kc2
Rc8+ 47. Kd2 Raxc1 48. Nf7+ Kg8 49. Ng5 R8c2+ 50. Ke3 Rc3+ 51. Kf4 Rf1+ 52. Kg4
Rg1+ 53. Kf5 Rf1+ 54. Kg4 Rg1+ 55. Kh4 Rh1+ 56. Kg4 Rg1+ 57. Kf4 Rf1+ 1/2-1/2

[Event "FIDE World Youth U16 Chess Olympiad SLOVAKIA 2016"]
[Site "Poprad Tatry SLOVAKIA"]
[Date "2016.07.23"]
[Round "3"]
[Board "2"]
[White "Lahdelma, Henri"]
[Black "Schitco, Ivan"]
[Result "1/2-1/2"]
[WhiteElo "1864"]
[BlackElo "2148"]
[PlyCount "192"]
[EventDate "2016.07.22"]
[EventType "team"]
[EventRounds "9"]
[EventCountry "SVK"]
[WhiteTeam "Finland"]
[BlackTeam "Moldova"]

1. d4 d5 2. c4 dxc4 3. Nc3 a6 4. a4 Nc6 5. Nf3 Bg4 6. e3 e5 7. Bxc4 exd4 8.
exd4 Qe7+ 9. Be3 O-O-O 10. O-O Nf6 11. Re1 Qd7 12. Qe2 Nb4 13. Rac1 Bd6 14. Qd1
Kb8 15. Be2 Ka8 16. h3 Be6 17. Ng5 Bd5 18. Nxd5 Nbxd5 19. Bc4 c6 20. Qf3 Rhe8
21. Bd2 Rxe1+ 22. Rxe1 Re8 23. Ne4 Nxe4 24. Rxe4 Rxe4 25. Qxe4 f5 26. Qe1 Kb8
27. Qd1 Bc7 28. Qb3 Kc8 29. Kf1 Qe6 30. Bxd5 cxd5 31. Qb4 Bd6 32. Qb6 Qe7 33.
Ba5 f4 34. Qb3 Qe4 35. Qc3+ Kb8 36. Bb4 Bc7 37. f3 Qb1+ 38. Kf2 Qd1 39. a5 Qb1
40. Ba3 Qf5 41. Qc5 Qf7 42. Ke2 g6 43. Kd1 h5 44. b4 Qf5 45. Qc2 Qe6 46. Qe2
Qd7 47. Kc2 Ka7 48. Kb3 Bd6 49. Bb2 Kb8 50. Bc3 Kc8 51. Bd2 Kd8 52. Bc3 Bb8 53.
Bb2 Bc7 54. Bc3 Bd6 55. Bd2 Qf5 56. Kb2 Qf6 57. Bc3 Kd7 58. Kb3 Bc7 59. Bb2 Qf5
60. Ka2 Qe6 61. Qxe6+ Kxe6 62. Kb3 g5 63. Bc3 Kf5 64. Kc2 g4 65. hxg4+ hxg4 66.
Kd3 Bd8 67. Be1 gxf3 68. gxf3 Kg5 69. Ke2 Kh5 70. Kf1 Be7 71. Kg2 Kg6 72. Kf1
Kf5 73. Ke2 Ke6 74. Kd3 Kd7 75. Kc2 Kc6 76. Kb3 Bf6 77. Bc3 Bh4 78. Bd2 Bg3 79.
Bc1 Bf2 80. Bxf4 Bxd4 81. Bd2 Bf6 82. Kc2 d4 83. Kd3 Kd5 84. Be1 Be7 85. Bd2
Bd6 86. Be1 Be7 87. Bd2 Bh4 88. Bh6 Be7 89. Bd2 Bd8 90. Be1 b6 91. axb6 Bxb6
92. Bf2 a5 93. bxa5 Bxa5 94. Bxd4 Bc7 95. Ke3 Ke6 96. Ke4 Kf7 1/2-1/2

[Event "FIDE World Youth U16 Chess Olympiad SLOVAKIA 2016"]
[Site "Poprad Tatry SLOVAKIA"]
[Date "2016.07.23"]
[Round "3"]
[Board "3"]
[White "Martinovici, Ilie"]
[Black "Aalto, Patrik"]
[Result "1-0"]
[WhiteElo "2097"]
[BlackElo "1745"]
[PlyCount "97"]
[EventDate "2016.07.22"]
[EventType "team"]
[EventRounds "9"]
[EventCountry "SVK"]
[WhiteTeam "Moldova"]
[BlackTeam "Finland"]

1. d4 Nf6 2. c4 e6 3. Nc3 c5 4. d5 exd5 5. cxd5 d6 6. e4 g6 7. Nf3 Bg7 8. h3
O-O 9. Bd3 Re8 10. O-O a6 11. a4 Nbd7 12. Bf4 Qe7 13. Re1 Nh5 14. Bg5 Nhf6 15.
Rb1 Ne5 16. Be2 Nxf3+ 17. Bxf3 h6 18. Bh4 Qc7 19. Qd2 Nd7 20. Bg3 Kh7 21. Be2
Rb8 22. Qc2 Bd4 23. Bd3 Ne5 24. Bf1 Nd7 25. Qd2 Bg7 26. Rbc1 Qb6 27. a5 Qc7 28.
b4 b6 29. axb6 Qxb6 30. bxc5 Nxc5 31. Qf4 Rd8 32. Qxf7 Rb7 33. Qf3 Rf8 34. Qd1
Bd7 35. Rb1 Qa5 36. Rxb7 Nxb7 37. Nb1 Qa1 38. Qd2 a5 39. e5 dxe5 40. Nc3 Qa3
41. Bxe5 Rf7 42. Bxg7 Rxg7 43. Ne4 Rf7 44. d6 Qb3 45. Qd4 Rg7 46. Nf6+ Kh8 47.
Nxd7 Qf7 48. Re7 Qf8 49. Nxf8 1-0

[Event "FIDE World Youth U16 Chess Olympiad SLOVAKIA 2016"]
[Site "Poprad Tatry SLOVAKIA"]
[Date "2016.07.23"]
[Round "3"]
[Board "4"]
[White "Wartiovaara, Oliver"]
[Black "Verbin, Valentina"]
[Result "0-1"]
[WhiteElo "1513"]
[BlackElo "1884"]
[PlyCount "82"]
[EventDate "2016.07.22"]
[EventType "team"]
[EventRounds "9"]
[EventCountry "SVK"]
[WhiteTeam "Finland"]
[BlackTeam "Moldova"]

1. Nf3 Nf6 2. b3 b6 3. Bb2 Bb7 4. g3 e6 5. d3 Be7 6. Bg2 O-O 7. O-O c5 8. e4 d6
9. Nbd2 Nbd7 10. Re1 Qc7 11. Qe2 Rac8 12. h3 a6 13. Kh2 h6 14. Nf1 Rfe8 15.
N3d2 Bf8 16. f4 e5 17. f5 d5 18. c4 dxe4 19. dxe4 Nb8 20. Ne3 Nc6 21. Nd5 Qd8
22. Qf2 Nxd5 23. exd5 Nd4 24. Ne4 b5 25. f6 g6 26. g4 a5 27. g5 h5 28. Bf3 a4
29. Bd1 Ba6 30. Rc1 Rb8 31. cxb5 Bb7 32. Nxc5 axb3 33. Nxb3 Nxb3 34. Bxb3 Bxd5
35. Red1 Rxb5 36. Ba4 Qb8 37. Bxb5 e4+ 38. Kg1 e3 39. Qh2 Qxb5 40. a4 Qb7 41.
Rc7 e2 0-1

[Event "FIDE World Youth U16 Chess Olympiad SLOVAKIA 2016"]
[Site "Poprad Tatry SLOVAKIA"]
[Date "2016.07.23"]
[Round "3"]
[Board "1"]
[White "Gorcsi, Gabor"]
[Black "Stabulnieks, Klavs"]
[Result "1/2-1/2"]
[WhiteElo "2263"]
[BlackElo "2099"]
[PlyCount "93"]
[EventDate "2016.07.22"]
[EventType "team"]
[EventRounds "9"]
[EventCountry "SVK"]
[WhiteTeam "Hungary 2"]
[BlackTeam "Latvia"]

1. Nf3 Nf6 2. c4 g6 3. g3 Bg7 4. Bg2 O-O 5. O-O d6 6. d4 Nbd7 7. Nc3 e5 8. e4
c6 9. h3 Re8 10. Re1 Qc7 11. Be3 a5 12. Qc2 exd4 13. Nxd4 Nc5 14. Rad1 Ne6 15.
b3 Nxd4 16. Bxd4 Be6 17. Na4 c5 18. Bb2 Bd7 19. Nc3 Bc6 20. Kh2 h5 21. f4 h4
22. g4 g5 23. Nd5 Bxd5 24. exd5 gxf4 25. Qf5 Qd8 26. Qxf4 Rxe1 27. Rxe1 Nh5 28.
gxh5 Bxb2 29. Qg4+ Kh8 30. h6 Qf6 31. Rf1 Qxh6 32. Rxf7 Be5+ 33. Kh1 Rg8 34.
Qe4 b6 35. Rf5 Rg3 36. Qe2 Qc1+ 37. Rf1 Qg5 38. Qf2 Qg7 39. Qe2 Qg5 40. Qf2 Qg7
41. Qc2 Rg5 42. Qe4 Qh6 43. Rf3 Rg3 44. Rf1 Qg5 45. Qe2 Kg7 46. Qf2 Bf6 47. Qe2
 1/2-1/2

[Event "FIDE World Youth U16 Chess Olympiad SLOVAKIA 2016"]
[Site "Poprad Tatry SLOVAKIA"]
[Date "2016.07.23"]
[Round "3"]
[Board "2"]
[White "Batashevs, Arsens"]
[Black "Bohus, Adam"]
[Result "0-1"]
[WhiteElo "1994"]
[BlackElo "2200"]
[PlyCount "106"]
[EventDate "2016.07.22"]
[EventType "team"]
[EventRounds "9"]
[EventCountry "SVK"]
[WhiteTeam "Latvia"]
[BlackTeam "Hungary 2"]

1. Nf3 d5 2. b3 Nf6 3. Bb2 Bf5 4. e3 e6 5. Be2 h6 6. Ne5 Nbd7 7. f4 Nxe5 8.
fxe5 Nd7 9. O-O c5 10. Bb5 a6 11. Bxd7+ Qxd7 12. d3 Be7 13. Nd2 O-O 14. Qf3 Bg6
15. Qg3 b5 16. Rad1 a5 17. Nf3 a4 18. Rd2 axb3 19. axb3 Ra2 20. Bc1 Rc8 21.
Rdf2 c4 22. dxc4 Rxc2 23. Rxc2 Bxc2 24. cxd5 Qxd5 25. e4 Bxe4 26. Bxh6 Bg6 27.
Bg5 Bc5+ 28. Kh1 Qxb3 29. h4 Bf8 30. Qf4 Qc4 31. Nd4 Qd3 32. Rf3 Qb1+ 33. Rf1
Qb2 34. Rf2 Qa1+ 35. Rf1 Qa4 36. Qg4 Bc5 37. Rc1 Qa6 38. Rd1 b4 39. h5 Bxd4 40.
hxg6 Bxe5 41. gxf7+ Kxf7 42. Bd8 Rxd8 43. Qh5+ Ke7 44. Qh4+ Bf6 45. Qxb4+ Kf7
46. Rxd8 Bxd8 47. Qf4+ Kg8 48. Qf3 Qa1+ 49. Kh2 Bc7+ 50. Kh3 Qe5 51. Qa8+ Kh7
52. Kh4 Qg3+ 53. Kh5 g6# 0-1

[Event "FIDE World Youth U16 Chess Olympiad SLOVAKIA 2016"]
[Site "Poprad Tatry SLOVAKIA"]
[Date "2016.07.23"]
[Round "3"]
[Board "3"]
[White "Egyed, Judit"]
[Black "Polyakov, Fedor"]
[Result "0-1"]
[WhiteElo "2107"]
[BlackElo "1970"]
[PlyCount "100"]
[EventDate "2016.07.22"]
[EventType "team"]
[EventRounds "9"]
[EventCountry "SVK"]
[WhiteTeam "Hungary 2"]
[BlackTeam "Latvia"]

1. e4 c5 2. Nf3 Nc6 3. d4 cxd4 4. Nxd4 Nf6 5. Nc3 e5 6. Ndb5 h6 7. Nd6+ Bxd6 8.
Qxd6 Qe7 9. Qd1 O-O 10. a3 d6 11. Be3 Be6 12. Be2 Rfd8 13. Nd5 Bxd5 14. exd5
Nd4 15. Bxd4 exd4 16. O-O Rac8 17. Bf3 Rc5 18. b4 Rc4 19. Re1 Qc7 20. Rc1 Rc8
21. Re2 a5 22. bxa5 Qxa5 23. Qd2 Qxa3 24. Rce1 Qa4 25. Be4 Nxe4 26. Rxe4 Qxc2
27. Qxc2 Rxc2 28. Rxd4 Rb2 29. g3 g5 30. Rd3 Rc7 31. Re8+ Kg7 32. Rd8 Rb6 33.
Re3 Kf6 34. Rh8 Kg6 35. Rg8+ Kf5 36. Rh8 Rb1+ 37. Kg2 g4 38. h3 gxh3+ 39. Kxh3
b5 40. Kg2 b4 41. Rxh6 b3 42. Rxd6 Rb7 43. f4 Kg4 44. Rd8 b2 45. Re5 Rg1+ 46.
Kf2 Rxg3 47. Re1 Rf3+ 48. Kg2 b1=Q 49. Rxb1 Rxb1 50. d6 Rb2+ 0-1

[Event "FIDE World Youth U16 Chess Olympiad SLOVAKIA 2016"]
[Site "Poprad Tatry SLOVAKIA"]
[Date "2016.07.23"]
[Round "3"]
[Board "4"]
[White "Limanovska, Elizabete"]
[Black "Kovacs, Judit"]
[Result "0-1"]
[WhiteElo "1929"]
[BlackElo "2114"]
[PlyCount "120"]
[EventDate "2016.07.22"]
[EventType "team"]
[EventRounds "9"]
[EventCountry "SVK"]
[WhiteTeam "Latvia"]
[BlackTeam "Hungary 2"]

1. e4 c5 2. Nf3 e6 3. d4 cxd4 4. Nxd4 a6 5. Nc3 Qc7 6. Bd3 Nf6 7. O-O Bc5 8.
Nb3 Be7 9. f4 d6 10. a4 Nbd7 11. Qe2 O-O 12. Be3 b6 13. Bf2 Bb7 14. Rfe1 e5 15.
f5 d5 16. Nxd5 Nxd5 17. exd5 Bxd5 18. Be4 Bxe4 19. Qxe4 Nf6 20. Qe2 Bd6 21. c3
Rfe8 22. g3 h5 23. Nd2 Bc5 24. Ne4 Nxe4 25. Qxe4 Bxf2+ 26. Kxf2 Rad8 27. Rad1
Rd7 28. Rxd7 Qxd7 29. Kg2 a5 30. Re2 f6 31. b3 Rc8 32. c4 Rc6 33. Qf3 h4 34.
gxh4 Rd6 35. Re3 Rd4 36. Rc3 e4 37. Qf4 Rd2+ 38. Kg1 Qd4+ 39. Qe3 Rd1+ 40. Kg2
Qe5 41. Qe2 Rd4 42. Qe3 Rd6 43. Rc2 Qxf5 44. Re2 Qg4+ 45. Kf2 Qxh4+ 46. Qg3
Qxg3+ 47. hxg3 f5 48. g4 g6 49. gxf5 gxf5 50. Rc2 Kf7 51. c5 Rc6 52. Ke3 Rxc5
53. Rh2 Rc3+ 54. Kf4 Kg6 55. Ke5 Rf3 56. Rg2+ Kf7 57. Rc2 e3 58. Rc7+ Kg6 59.
Rc6+ Kg5 60. Re6 Rf4 0-1

[Event "FIDE World Youth U16 Chess Olympiad SLOVAKIA 2016"]
[Site "Poprad Tatry SLOVAKIA"]
[Date "2016.07.23"]
[Round "3"]
[Board "1"]
[White "Lee, Qing Aun"]
[Black "Bjerre, Jonas"]
[Result "1-0"]
[WhiteElo "2250"]
[BlackElo "2396"]
[PlyCount "119"]
[EventDate "2016.07.22"]
[EventType "team"]
[EventRounds "9"]
[EventCountry "SVK"]
[WhiteTeam "Singapore"]
[BlackTeam "Denmark"]

1. e4 c5 2. Nf3 e6 3. d4 cxd4 4. Nxd4 Nc6 5. Nc3 Qc7 6. Be3 a6 7. Qd2 Nf6 8. f3
Be7 9. O-O-O O-O 10. g4 b5 11. h4 Rd8 12. h5 Nxd4 13. Bxd4 e5 14. Qh2 d6 15.
Be3 b4 16. Nd5 Nxd5 17. exd5 e4 18. g5 f5 19. fxe4 fxe4 20. Qd2 Bg4 21. Re1 a5
22. Kb1 Rf8 23. Bg2 Bf3 24. Bxf3 exf3 25. h6 g6 26. Qd4 Rf7 27. Ref1 Bf8 28.
Rh3 Rc8 29. Qd3 Qc4 30. Rhxf3 Qxd3 31. cxd3 Rxf3 32. Rxf3 Rb8 33. Kc2 Rb5 34.
Kb3 Rxd5 35. Kc4 Re5 36. d4 d5+ 37. Kb5 Re6 38. Kxa5 Rc6 39. Ka4 Rc2 40. Kb3
Rg2 41. a3 bxa3 42. bxa3 Be7 43. a4 Bxg5 44. Bxg5 Rxg5 45. a5 Rg1 46. Kb4 Rb1+
47. Rb3 Rd1 48. Kc5 Ra1 49. Kb6 Ra4 50. a6 Rxd4 51. a7 Ra4 52. Rb5 Rxa7 53.
Kxa7 d4 54. Rb7 d3 55. Rd7 g5 56. Kb6 d2 57. Kc5 d1=Q 58. Rxd1 Kf7 59. Rd6 g4
60. Kd4 1-0